• 首页
  • 本馆介绍
  • 公告通知
  • 最新文献
  • 馆藏检索
  • 电子资源
  • 读者导购
  • 参考咨询
  • 我的图书馆
  • 登录
  • 详细信息显示
  • 放入我的书架
  • 预约/预借图书
  • 作者相关作品
  • 分类相关作品
  • 丛书相关作品
  • 出版社相关作品

书目信息

  • 表格格式
  • 工作单格式
  • 卡片格式
题名:
第一次世界大战史
    
 
作者: 吉尔伯特 著 ;李广才 译
分册:  
出版信息: 武汉   长江文艺出版社  2016
页数: 386页
开本: 23cm
丛书名:
单 册:
中图分类: K143
科图分类:
主题词: 第一次世界大战--di yi ci shi jie da zhan--战争史
电子资源:
ISBN: 978-7-5354-8301-0
000 01440nam0 22002531 450
001 0124140210
005 20170324140210.0
010    @a978-7-5354-8301-0@b精装@dCNY39.80
100    @a20161012d2016 em y0chiy50 ea
101 1  @achi@ceng
102    @aCN@b420000
105    @aa z 000yy
106    @ar
200 1  @a第一次世界大战史@9di yi ci shi jie da zhan shi@dWorld War I: a complete history@f(英)马丁·吉尔伯特著@g李广才译@zeng
210    @a武汉@c长江文艺出版社@d2016
215    @a386页@c照片@d23cm
330    @a本书作者、不列颠帝国勋章获得者马丁·吉尔伯特爵士,呕心四十载,逐一踏访数十个一战主战场,手握丘吉尔有关一战的私人资料,亲访百位一战将军与老兵,研读数十万份资料、档案、回忆录、信函,与参加过一战的英国前首相哈罗德·麦克米伦进行了历时长达五年的深入讨论,全面深入地介绍了第一次世界大战史。全书通过一战中还是士兵的希特勒、隆美尔、戈林、罗斯福、戴高乐、一直流亡的列宁、托洛茨基、斯大林、战争伊始就为和平奔走的爱因斯坦等众多独特的视角,勾勒出宏大的时代背景,见证了一战如何影响了一批未来的缔造者们。坦克、飞机、潜艇、航母、速射机枪、野战炮、毒气等大量现代战争武器的成熟运用在本书中也得到完整而清晰的呈现。
510 1  @aWorld War I: a complete history@zeng
606 0  @a第一次世界大战@9di yi ci shi jie da zhan@x战争史
690    @aK143@v5
701  0 @c(英)@a吉尔伯特@9ji er bai te@c(Gilbert, Martin@f1936~)@4著
702  0 @a李广才@9li guang cai@4译
801  0 @aCN@bTANGWEI@c20170308
905    @b0962144-6@dK143@e231@f3
    
    第一次世界大战史=World War I: a complete history/(英)马丁·吉尔伯特著/李广才译.-武汉:长江文艺出版社,2016
    386页:照片;23cm
    
    
    ISBN 978-7-5354-8301-0(精装):CNY39.80
    本书作者、不列颠帝国勋章获得者马丁·吉尔伯特爵士,呕心四十载,逐一踏访数十个一战主战场,手握丘吉尔有关一战的私人资料,亲访百位一战将军与老兵,研读数十万份资料、档案、回忆录、信函,与参加过一战的英国前首相哈罗德·麦克米伦进行了历时长达五年的深入讨论,全面深入地介绍了第一次世界大战史。全书通过一战中还是士兵的希特勒、隆美尔、戈林、罗斯福、戴高乐、一直流亡的列宁、托洛茨基、斯大林、战争伊始就为和平奔走的爱因斯坦等众多独特的视角,勾勒出宏大的时代背景,见证了一战如何影响了一批未来的缔造者们。坦克、飞机、潜艇、航母、速射机枪、野战炮、毒气等大量现代战争武器的成熟运用在本书中也得到完整而清晰的呈现。
●
相关链接 在E读中查询图书 在五车中查询图书 在当当中查询图书 在豆瓣中查询图书


正题名:第一次世界大战史     索取号:K143/231         预约/预借

序号 登录号 条形码 馆藏地/架位号 状态 备注
1 0962144   209621444   第二样本阅览室/ [索取号:K143/231] 在馆    
2 0962145   209621453   第二借阅区/ [索取号:K143/231] 在馆    
3 0962146   209621462   第二借阅区/ [索取号:K143/231] 在馆    
唐山师范学院图书馆 欢迎您!
大连网信软件有限公司© 版权所有